00325nam a2200121Ia 4500003000400000005001700004008004100021020001900062040002700081100001700108245005800125260002000183OSt20240311111547.0170523s9999 xx 000 0 und d a978-8120342903 cIIMT UNIVERSITY MEERUT aRaikar- R.V. 0aElements of Civil Engineering & Engineering Mechanics aNew Delhi : PHI